Personnage de Game of Thrones #2 - Statistiques

Statistiques générales
  • Ce quiz a été pris 295 fois
  • Le résultat moyen est 12 sur 16
Statistiques - réponses
Par images Réponse % Correct
Bran Stark
95%
Jaime Lannister
88%
Joffrey Baratheon
87%
Theon Greyjoy
83%
Sandor Clegane
82%
Tywin Lannister
81%
Catelyn Stark
80%
Lord Varys
79%
Missandei
77%
Jorah Mormont
76%
Bronn
70%
Mélisandre
70%
Shae
68%
Yara Greyjoy
63%
Vère
49%
Jojen Reed
37%
Aucun quiz correspondant
Distribution des résultats
% des personnes avec chaque résultat
Percentile par nombre de réponses
Votre historique - résultats
Vous n’avez pas pris ce quiz